Statistics for Premier League 21/22 matchweek 13 King of the match

Click here to take the quiz!

General Stats

  • This quiz has been taken 5 times
  • The average score is 6 of 9

Answer Stats

HintAnswer% Correct
Chelsea 1-1 Man UnitedJadon Sancho
100%
Norwich 0-0 WolvesJose Sa
100%
Arsenal 2-0 NewcastleBukayo Saka
75%
Liverpool 4-0 SouthamptonDiogo Jota
75%
Leicester 4-2 WatfordJamie Vardy
75%
Brentford 1-0 EvertonIvan Toney
50%
Man City 2-1 West HamJoao Cancelo
50%
Brighton 0-0 LeedsRobert Sanchez
50%
Crystal Palace 1-2 Aston VillaConor Gallagher
0%

Score Distribution

Percentile by Number Answered

Percent of People with Each Score

Your Score History

You have not taken this quiz